[Event "Vladivostok"]
[Site "Vladivostok"]
[Date "1994.??.??"]
[Round "7"]
[White "Kaiumov, Dmitry D"]
[Black "Vorotnikov, Vladislav V"]
[Result "1-0"]
[WhiteElo "2425"]
[BlackElo "2465"]
[PlyCount "111"]
[EventDate "1994.??.??"]
[Source "ChessBase"]

1. e4 c6 2. d4 g6 3. Nf3 d5 4. Nbd2 Bg7 5. h3 Nh6 6. Bd3 f6 7. O-O Nf7 8. Re1 O-O 9. exd5 cxd5 10. c4 Na6 11. cxd5 Nb4 12. Bc4 Bf5 13. Bb3 Nd6 14. Nb1 Nd3 15. Re2 Rc8 16. Nc3 b5 17. Nh4 Nxc1 18. Rxc1 Bd7 19. Ne4 Rxc1 20. Qxc1 f5 21. Nxd6 exd6 22. Nf3 Re8 23. Rxe8+ Qxe8 24. Qc7 Bf8 25. Qxa7 Qc8 26. Kh2 Bh6 27. Qb6 Bf8 28. Qa5 Qc1 29. Qc3 Bh6 30. g3 Qf1 31. Qe1 Qd3 32. Qd1 Qxd1 33. Bxd1 Bc1 34. b3 Bc8 35. Be2 b4 36. Kg2 Kg7 37. Ne1 g5 38. Nc2 Bd2 39. Kf1 Kf6 40. Bb5 h5 41. Ke2 Bc3 42. f4 h4 43. gxh4 gxf4 44. Kf3 Bd2 45. a3 bxa3 46. Nxa3 Bb7 47. Bc4 Bc3 48. Nb5 Bb4 49. Kxf4 Bc8 50. Na7 Bb7 51. Nc6 Be1 52. b4 Bxh4 53. b5 Bg5+ 54. Kf3 Bd2 55. b6 Bc3 56. Ke3 1-0

[Event "CUB-ch"]
[Site "?"]
[Date "1999.??.??"]
[Round "?"]
[White "Dominguez Lenier"]
[Black "Gonzalez Renier"]
[Result "1-0"]
[WhiteElo "2479"]
[BlackElo "2408"]
[PlyCount "89"]
[EventDate "1999.??.??"]
[Source "www.chesslib.no"]
[SourceDate "2004.05.04"]

1. e4 c6 2. d4 Na6 3. c4 d6 4. Nc3 Nf6 5. Be3 e5 6. f3 g6 7. Qd2 Bg7 8. Rd1 Qe7 9. Nge2 O-O 10. g3 b6 11. Bg2 Bb7 12. O-O Rfe8 13. a3 Rad8 14. d5 c5 15. g4 Ra8 16. Ng3 Nd7 17. Rf2 f6 18. h4 Nc7 19. Bf1 Rf8 20. Bd3 Kf7 21. Rh2 Rg8 22. Kg2 Raf8 23. Rdh1 Ke8 24. b4 Qd8 25. Rb1 Rf7 26. Bc2 Ke7 27. Na4 Ba6 28. bxc5 Nxc5 29. Nxc5 dxc5 30. Qc3 Ne8 31. f4 Nd6 32. fxe5 Nxc4 33. d6+ Kd7 34. Ba4+ Kc8 35. e6 Rb7 36. d7+ Kb8 37. Bf4+ Ka8 38. Bc6 Qe7 39. Bxb7+ Kxb7 40. Qd3 Ne5 41. Qd5+ Kc7 42. g5 Bb7 43. gxf6 Qxf6 44. e7 Bxd5 45. e8=N+ 1-0

[Event "Voskresensk"]
[Site "Voskresensk"]
[Date "1992.??.??"]
[Round "?"]
[White "Tseshkovsky, Vitaly"]
[Black "Zlotnikov, Mikhail"]
[Result "1-0"]
[WhiteElo "2510"]
[BlackElo "2375"]
[PlyCount "101"]
[EventDate "1992.??.??"]
[Source "ChessBase"]

1. e4 c6 2. d4 d6 3. c3 Nf6 4. Bd3 e5 5. Nf3 Nbd7 6. O-O Be7 7. Re1 Qc7 8. Nbd2 Nf8 9. Nf1 Ng6 10. Ng3 h6 11. Nf5 Bf8 12. a4 Be6 13. b4 O-O-O 14. Qc2 Nf4 15. Bf1 g6 16. Ne3 Bg7 17. Bb2 Ng4 18. c4 exd4 19. Nxd4 Nxe3 20. Rxe3 Be5 21. a5 c5 22. Nb5 Qb8 23. Bxe5 dxe5 24. a6 b6 25. bxc5 bxc5 26. Rb3 Rd7 27. Qb2 Re8 28. Rb1 Kd8 29. Qa3 Ke7 30. g3 Nh3+ 31. Bxh3 Bxh3 32. Qxc5+ Kf6 33. Nc3 Qc8 34. Nd5+ Kg7 35. Qxc8 Rxc8 36. Rb4 Rd6 37. Ra1 Rcc6 38. Rb7 Rxc4 39. Rxa7 Rxe4 40. Ne3 Rdd4 41. Rc7 Ra4 42. Rcc1 Bc8 43. Rxa4 Rxa4 44. Rxc8 Rxa6 45. Rc5 Re6 46. Nc4 e4 47. Re5 Rxe5 48. Nxe5 f5 49. f4 exf3 50. Kf2 g5 51. Nxf3 1-0

[Event "Moscow RUS"]
[Site "?"]
[Date "1996.12.04"]
[Round "7"]
[White "Asrian Karen"]
[Black "Burmakin Vladimir"]
[Result "0-1"]
[WhiteElo "2380"]
[BlackElo "2505"]
[PlyCount "50"]
[EventDate "1996.??.??"]
[Source "www.chesslib.no"]
[SourceDate "2004.05.04"]

1. e4 c6 2. d4 d6 3. a4 Nd7 4. Nf3 e5 5. Nc3 Be7 6. Bc4 Ngf6 7. O-O O-O 8. Re1 Qc7 9. a5 h6 10. h3 Rd8 11. Be3 Nf8 12. Bb3 Ng6 13. Qe2 Bf8 14. Red1 Re8 15. d5 c5 16. a6 b6 17. Nd2 Bd7 18. Ba4 Bxa4 19. Rxa4 Rec8 20. Ndb1 Qd7 21. Qb5 Qd8 22. b4 Ne8 23. bxc5 bxc5 24. Qe2 Nc7 25. Na3 Rab8 0-1

[Event "It (open)"]
[Site "Biel (Switzerland)"]
[Date "2007.07.27"]
[Round "5"]
[White "Pavlovic Milos (SCG)"]
[Black "Kamber Bruno (SUI)"]
[Result "1-0"]
[WhiteElo "2541"]
[BlackElo "2341"]
[PlyCount "73"]
[EventDate "2007.??.??"]
[Source "www.chesslib.no"]
[SourceDate "2004.05.04"]

1. Nf3 g6 2. d4 Bg7 3. e4 c6 4. c3 d5 5. Nbd2 Bg4 6. Qb3 dxe4 7. Nxe4 Qd5 8. Nc5 Qxb3 9. axb3 b6 10. Na6 Nxa6 11. Bxa6 Bxf3 12. gxf3 Kd7 13. Bb7 Nh6 14. Bxa8 Rxa8 15. h4 Nf5 16. h5 e5 17. dxe5 Bxe5 18. b4 a5 19. bxa5 bxa5 20. Ra4 c5 21. Kd1 Kc6 22. Kc2 Bc7 23. hxg6 hxg6 24. Rh7 Nd6 25. Bf4 Kb5 26. Ra1 Ra7 27. Re1 Nc8 28. c4+ Kxc4 29. Rxf7 Bxf4 30. Re4+ Kd5 31. Rexf4 c4 32. Rxa7 Nxa7 33. Rg4 Nc6 34. Kc3 Ne5 35. Rg5 Kd6 36. f4 Nd3 37. Rxg6+ 1-0

[Event "JUG-chT2"]
[Site "JUG"]
[Date "1994.??.??"]
[Round "4"]
[White "Smagin, Sergey B"]
[Black "Cetkovic, Momcilo"]
[Result "1-0"]
[WhiteElo "2545"]
[BlackElo "2335"]
[PlyCount "151"]
[EventDate "1994.??.??"]
[Source "www.chesslib.no"]
[SourceDate "2004.05.04"]

1. e4 g6 2. d4 Bg7 3. c3 c6 4. Nf3 d5 5. Nbd2 Nh6 6. Bd3 O-O 7. O-O Re8 8. Re1 Nd7 9. Qb3 Qb6 10. exd5 Qxb3 11. axb3 cxd5 12. b4 Nf6 13. Nb3 b6 14. Ne5 Bb7 15. Ba6 Reb8 16. Bf4 Nf5 17. g4 Nd6 18. Nd2 Bxa6 19. Rxa6 Rb7 20. Nc6 Nc8 21. f3 e6 22. Rea1 Ne8 23. Nb1 Bf8 24. R6a2 Bd6 25. Ne5 g5 26. Bd2 f6 27. Nd3 h5 28. h3 Rh7 29. Nf2 hxg4 30. hxg4 Rb8 31. Na3 Rbb7 32. Re1 Rbe7 33. Raa1 Ng7 34. Nc2 Kf7 35. Ne3 Re8 36. b3 Bb8 37. c4 dxc4 38. bxc4 Ne7 39. Nf1 Rd8 40. Bc3 Ng6 41. Ne4 Rdh8 42. d5 Nf4 43. Bxf6 Rh1+ 44. Kf2 exd5 45. cxd5 Nxd5 46. Bxg5 Ne6 47. Rad1 Nef4 48. Bxf4 Nxf4 49. Nd6+ Kg6 50. Rd4 Nh3+ 51. Ke3 Ng5 52. Ne4 Ne6 53. Rd7 Rc8 54. Kf2 Nf4 55. Red1 Rc2+ 56. R7d2 Rc6 57. b5 Rc8 58. Rd8 Rc2+ 59. R1d2 Rc1 60. Rxb8 Rhxf1+ 61. Kg3 Ne6 62. Rg8+ Kf7 63. Rh8 Rg1+ 64. Rg2 Kg7 65. Re8 Nc7 66. Re5 Rgd1 67. Ra2 Rd5 68. Rxd5 Nxd5 69. Rxa7+ Kf8 70. Rd7 Nc7 71. Nd6 Rc5 72. Rf7+ Kg8 73. Rf5 Rxf5 74. Nxf5 Nxb5 75. Ne7+ Kf7 76. Nd5 1-0

[Event "Politiken Cup"]
[Site "Copenhagen DEN"]
[Date "1991.??.??"]
[Round "?"]
[White "Motwani, Paul"]
[Black "Poley, Vladimir"]
[Result "1-0"]
[WhiteElo "2425"]
[BlackElo "2445"]
[PlyCount "79"]
[EventDate "1991.??.??"]
[Source "www.chesslib.no"]
[SourceDate "2004.05.04"]

1. e4 g6 2. d4 Bg7 3. Nf3 c6 4. Nbd2 d5 5. Bd3 dxe4 6. Nxe4 Nd7 7. Qe2 Ndf6 8. Neg5 Nh6 9. O-O Bg4 10. Re1 e6 11. h3 Bxf3 12. Nxf3 Nf5 13. c3 Qe7 14. Bxf5 gxf5 15. Nh4 Ne4 16. Nxf5 exf5 17. f3 O-O-O 18. fxe4 Qxe4 19. Qxe4 fxe4 20. Rxe4 c5 21. Bf4 cxd4 22. cxd4 Rxd4 23. Rc1+ Kd7 24. Rc7+ Kd8 25. Rxd4+ Bxd4+ 26. Kf1 b5 27. Rxf7 Bxb2 28. Rxa7 Rf8 29. g3 h5 30. Ra5 Rf5 31. a4 Bc1 32. Rxb5 Rf6 33. Rb4 h4 34. Kg2 Ba3 35. Bg5 Bxb4 36. Bxf6+ Kd7 37. Bxh4 Ke6 38. g4 Ke5 39. Bf2 Ba5 40. Kf3 1-0

[Event "Lvov"]
[Site "Lvov"]
[Date "1983.??.??"]
[Round "?"]
[White "Donchev, Dimitar I"]
[Black "Pribyl, Josef"]
[Result "1-0"]
[WhiteElo "2450"]
[BlackElo "2415"]
[PlyCount "125"]
[EventDate "1983.06.??"]
[Source "ChessBase"]

1. e4 c6 2. d4 g6 3. Nd2 Bg7 4. Ngf3 d5 5. h3 Nd7 6. c3 dxe4 7. Nxe4 Ngf6 8. Nxf6+ Nxf6 9. Bd3 Qc7 10. O-O O-O 11. Re1 Bf5 12. Bxf5 gxf5 13. Ne5 Rad8 14. Nd3 e6 15. Bf4 Qe7 16. Bg5 h6 17. Bh4 Kh7 18. Qf3 Rde8 19. g4 Qd7 20. Nc5 Qc8 21. gxf5 exf5 22. Nxb7 Qxb7 23. Qxf5+ Kh8 24. Bxf6 Qxb2 25. Kh1 Re6 26. Bxg7+ Kxg7 27. Rab1 Qxa2 28. Rg1+ Kh8 29. Ra1 Qd5+ 30. Qxd5 cxd5 31. Rxa7 Rf6 32. Kg2 Rg8+ 33. Kf1 Rf3 34. Rxg8+ Kxg8 35. Kg2 Rxc3 36. Rd7 Rd3 37. Rxd5 Kg7 38. f3 Kg6 39. Kg3 Rd1 40. h4 Rg1+ 41. Kf4 Rh1 42. h5+ Kf6 43. Re5 Rd1 44. Ke4 Re1+ 45. Kd5 Rf1 46. Re3 Rh1 47. Kc6 Rxh5 48. d5 Rh1 49. d6 Rc1+ 50. Kb7 Rd1 51. Kc7 Rc1+ 52. Kd8 Rd1 53. d7 h5 54. Ke8 Kg5 55. Re5+ f5 56. Ke7 h4 57. Ke6 Rxd7 58. Kxd7 h3 59. Ke6 h2 60. Re1 Kf4 61. Rf1 Kg3 62. f4 Kg4 63. Ke5 1-0

[Event "Milivoj Petrov mem"]
[Site "Pancevo"]
[Date "2002.07.01"]
[Round "8"]
[White "Sanduleac, Vasile"]
[Black "Radlovacki, Jovan"]
[Result "0-1"]
[WhiteElo "2477"]
[BlackElo "2387"]
[PlyCount "94"]
[EventDate "2002.06.24"]
[Source "ChessBase"]
[SourceDate "2002.09.11"]

1. e4 c6 2. d4 Na6 3. c3 Nc7 4. Bd3 d6 5. h3 g6 6. Nf3 Bg7 7. Qe2 e5 8. Be3 exd4 9. cxd4 Ne7 10. Qd2 d5 11. e5 Bf5 12. Nc3 h6 13. Be2 g5 14. g4 Be4 15. h4 Bxf3 16. Bxf3 gxh4 17. Rxh4 Nf5 18. gxf5 Qxh4 19. Ke2 Qd8 20. Bh5 Qh4 21. Bf3 Qd8 22. Bg4 Qd7 23. Rg1 Bf8 24. f6 Ne6 25. f4 h5 26. Bf3 O-O-O 27. f5 Nc7 28. Qd3 h4 29. Bf4 Re8 30. Kf1 Bh6 31. Bh2 Reg8 32. Bg4 h3 33. Qf3 b5 34. a3 Kb7 35. Nd1 b4 36. Nf2 bxa3 37. Qxa3 Nb5 38. Qd3 Bc1 39. e6 Qd8 40. Ke2 Bg5 41. e7 Qb6 42. Be5 h2 43. Rh1 Rh6 44. Bf3 Bxf6 45. Qe3 Bxe5 46. dxe5 Nd4+ 47. Kd3 Qb3+ 0-1

[Event "Kharkov Kaissa op"]
[Site "Kharkov"]
[Date "2002.01.28"]
[Round "7"]
[White "Solodovnichenko, Yuri"]
[Black "Shilin, Denis"]
[Result "0-1"]
[WhiteElo "2446"]
[BlackElo "2413"]
[PlyCount "67"]
[EventDate "2002.01.22"]
[Source "ChessBase"]
[SourceDate "2002.03.14"]

1. e4 c6 2. d4 Na6 3. c4 g6 4. Nf3 Bg7 5. Be2 d5 6. exd5 cxd5 7. Nc3 Nf6 8. Qa4+ Bd7 9. Qb3 Qb6 10. Nb5 dxc4 11. Bxc4 O-O 12. a4 Bxb5 13. axb5 Nc7 14. Bd2 Qd6 15. Bb4 Qd7 16. b6 axb6 17. Rxa8 Nxa8 18. Ng5 Qg4 19. Bxf7+ Kh8 20. Qg3 h6 21. h4 Qf5 22. Qf3 Qb1+ 23. Qd1 Qxd1+ 24. Kxd1 Ng4 25. Ke2 Nxf2 26. Kxf2 Bxd4+ 27. Ke2 hxg5 28. Bxg6 Kg7 29. h5 Rf2+ 30. Kd3 Bf6 31. Be4 Kh6 32. Bd2 Nc7 33. b4 Ne6 34. g3 0-1

[Event "ROM-chT"]
[Site "?"]
[Date "1998.??.??"]
[Round "2"]
[White "Moldovan Daniel"]
[Black "Bogdan Dan"]
[Result "1-0"]
[WhiteElo "2455"]
[BlackElo "2400"]
[PlyCount "85"]
[EventDate "1998.??.??"]
[Source "www.chesslib.no"]
[SourceDate "2004.05.04"]

1. e4 c6 2. d4 g6 3. Nf3 Bg7 4. c3 d5 5. Nbd2 Nf6 6. e5 Nfd7 7. Bd3 Nf8 8. O-O Ne6 9. b4 O-O 10. Nb3 f6 11. exf6 exf6 12. Re1 Re8 13. a4 Nd7 14. Ra2 Ndf8 15. h3 Bd7 16. Rae2 Qc7 17. Qd2 Rad8 18. a5 Kh8 19. Nc5 Nxc5 20. dxc5 Rxe2 21. Rxe2 Ne6 22. Nd4 Nxd4 23. cxd4 Re8 24. Rxe8+ Bxe8 25. Qe2 Bf7 26. g3 Qd7 27. Bf4 Bf8 28. h4 Kg8 29. b5 Qc8 30. a6 cxb5 31. Bxb5 bxa6 32. Bxa6 Qc6 33. Bb5 Qc8 34. c6 a6 35. Ba4 Be8 36. Qc2 h6 37. c7 Bxa4 38. Qxa4 g5 39. Qb3 gxf4 40. Qb8 Qe6 41. c8=Q Qe1+ 42. Kg2 Qe4+ 43. f3 1-0

[Event "BIH-chT"]
[Site "Neum"]
[Date "2002.06.04"]
[Round "4.4"]
[White "Jusic, Zdenko"]
[Black "Scekic, Milos"]
[Result "0-1"]
[WhiteElo "2432"]
[BlackElo "2419"]
[PlyCount "80"]
[EventDate "2002.06.02"]
[Source "ChessBase"]
[SourceDate "2002.09.20"]

1. e4 c6 2. d4 d6 3. f4 Nf6 4. e5 Nd5 5. c4 Nb6 6. Nc3 g6 7. Qe2 Bg7 8. exd6 Bxd4 9. dxe7 Qxe7 10. Qxe7+ Kxe7 11. Nge2 Bg7 12. b3 Na6 13. Ba3+ c5 14. O-O-O Bf5 15. Nb5 Rhd8 16. Re1 Be6 17. g4 Bxg4 18. Bg2 Nb4 19. Bxb4 cxb4 20. Bxb7 a6 21. Nbd4 Kd6 22. Bxa8 Rxa8 23. h3 Bd7 24. Ng3 f5 25. Nf3 Bc6 26. Rhf1 Nd7 27. Ng5 Nc5 28. Rd1+ Kc7 29. Rfe1 Kb6 30. Ne6 Bh6 31. Rd4 Re8 32. Rd6 Rxe6 33. Rdxe6 Nxe6 34. Rxe6 Bxf4+ 35. Kb2 Bxg3 36. Re7 f4 37. a3 a5 38. axb4 axb4 39. Rxh7 f3 40. Rf7 f2 0-1

[Event "Moravia-chT 9697"]
[Site "?"]
[Date "1997.??.??"]
[Round "?"]
[White "Berezjuk Sergej"]
[Black "Kalinin Oleg"]
[Result "1/2-1/2"]
[WhiteElo "2410"]
[BlackElo "2440"]
[PlyCount "114"]
[EventDate "1997.??.??"]
[Source "www.chesslib.no"]
[SourceDate "2004.05.04"]

1. e4 g6 2. d4 c6 3. Nf3 d5 4. Nbd2 Bg7 5. c3 Nh6 6. Bd3 O-O 7. O-O f6 8. c4 e6 9. Nb3 Nf7 10. Re1 b6 11. h3 a5 12. a4 Ba6 13. Qc2 Nd6 14. Nbd2 Bb7 15. b3 Na6 16. Ba3 Nb4 17. Bxb4 axb4 18. exd5 exd5 19. c5 Nf7 20. Rad1 Qc7 21. Re2 Rfe8 22. Rde1 Rxe2 23. Rxe2 bxc5 24. Qxc5 Bf8 25. Qc2 Kg7 26. Qc1 Nd6 27. Qe1 Kf7 28. Nf1 Qb6 29. Ng3 Re8 30. Rxe8 Nxe8 31. h4 Ba6 32. Qe2 Bxd3 33. Qxd3 h5 34. Ne2 Bh6 35. Nh2 Qc7 36. g4 Bf4 37. Nxf4 Qxf4 38. Qe3 Qxe3 39. fxe3 hxg4 40. Nxg4 Nd6 41. a5 Nb5 42. Nf2 Ke6 43. Kg2 Nc7 44. Nd3 Na6 45. Kf3 Kd6 46. Kg4 c5 47. dxc5+ Kc6 48. Nf4 Nxc5 49. Nxg6 Nxb3 50. h5 Nxa5 51. Nf4 Nc4 52. Ne2 Kd6 53. Nd4 Ke7 54. Nc6+ Kf7 55. Nxb4 Nxe3+ 56. Kf4 d4 57. Ke4 Ke7 1/2-1/2

[Event "Cappelle op 16th"]
[Site "Cappelle la Grande"]
[Date "2000.02.22"]
[Round "5"]
[White "Aseev, Konstantin N"]
[Black "Danielian, Elina"]
[Result "1-0"]
[WhiteElo "2517"]
[BlackElo "2331"]
[PlyCount "73"]
[EventDate "2000.02.19"]
[Source "ChessBase"]
[SourceDate "2000.03.10"]

1. e4 c6 2. d4 g6 3. Nf3 Bg7 4. c3 d5 5. Nbd2 Nh6 6. Bd3 O-O 7. O-O f6 8. Qe2 Nf7 9. c4 e6 10. Re1 Nd7 11. Bc2 b6 12. b3 Bb7 13. Ba3 Re8 14. Rad1 Qc7 15. exd5 cxd5 16. Rc1 dxc4 17. bxc4 e5 18. c5 bxc5 19. Bb3 Bh6 20. dxc5 Bc6 21. Rcd1 Kg7 22. Ne4 Re7 23. Nd6 Nd8 24. Nd4 Nf8 25. N4f5+ gxf5 26. Nxf5+ Kh8 27. Nxh6 Rg7 28. g3 Nfe6 29. Rd6 Nf4 30. Qa6 Bb7 31. Qc4 Rg6 32. Qxf4 Nc6 33. Nf7+ Kg7 34. Qe3 Rf8 35. Rdd1 Nd4 36. Nxe5 Nxb3 37. Rd7+ 1-0

[Event "Pardubice"]
[Site "?"]
[Date "2006.07.25"]
[Round "5.80"]
[White "Gutman Gennadi"]
[Black "Varitski Igor"]
[Result "1/2-1/2"]
[WhiteElo "2513"]
[BlackElo "2334"]
[PlyCount "41"]
[EventDate "2006.??.??"]
[Source "www.chesslib.no"]
[SourceDate "2004.05.04"]

1. e4 c6 2. d4 Na6 3. c4 d5 4. exd5 cxd5 5. Nc3 Nf6 6. cxd5 Nc7 7. Qa4+ Qd7 8. Qb3 Nfxd5 9. Bc4 e6 10. Nge2 Nxc3 11. Nxc3 Bd6 12. O-O O-O 13. Be3 b6 14. Rad1 Bb7 15. d5 exd5 16. Nxd5 b5 17. Nxc7 Qxc7 18. Qxb5 Bxh2+ 19. Kh1 Bc6 20. Qc5 Rfd8 21. f4 1/2-1/2

[Event "HUN-chT 0203"]
[Site "?"]
[Date "2003.03.23"]
[Round "9"]
[White "Boros Denes"]
[Black "Csom Istvan"]
[Result "1/2-1/2"]
[WhiteElo "2398"]
[BlackElo "2448"]
[PlyCount "51"]
[EventDate "2003.??.??"]
[Source "www.chesslib.no"]
[SourceDate "2004.05.04"]

1. e4 g6 2. d4 c6 3. Nd2 Bg7 4. Ngf3 d5 5. h3 Nh6 6. Bd3 Nd7 7. c3 Nf8 8. O-O Ne6 9. Re1 O-O 10. Nf1 c5 11. exd5 Qxd5 12. Be4 Qd6 13. dxc5 Qxd1 14. Rxd1 Nxc5 15. Bd5 Nf5 16. Ne3 e6 17. Bb3 b6 18. Nxf5 gxf5 19. Be3 Bb7 20. Rd6 Rfc8 21. Re1 Nxb3 22. axb3 Bd5 23. Rd7 Rd8 24. Rxd8+ Rxd8 25. Rd1 Rc8 26. Nd4 1/2-1/2

[Event "Cup II"]
[Site "Moscow Russia Cup II"]
[Date "1996.??.??"]
[Round "7"]
[White "Asrian, Karen"]
[Black "Burmakin, Vladimir"]
[Result "0-1"]
[WhiteElo "2310"]
[BlackElo "2535"]
[PlyCount "36"]
[EventDate "1996.??.??"]
[Source "www.chesslib.no"]
[SourceDate "2004.05.04"]

1. e4 c6 2. d4 d6 3. a4 Nd7 4. Nf3 e5 5. Nc3 Be7 6. Bc4 Ngf6 7. O-O O-O 8. Re1 Qc7 9. a5 h6 10. h3 Rd8 11. Be3 Nf8 12. Bb3 Ng6 13. Qe2 Bf8 14. Red1 Re8 15. d5 c5 16. Ba2 b5 17. Kf1 Qe7 18. b3 Qd7 0-1

[Event "New York USA"]
[Site "?"]
[Date "2004.06.08"]
[Round "1"]
[White "Yudasin Leonid"]
[Black "Hoffmann As"]
[Result "1-0"]
[WhiteElo "2553"]
[BlackElo "2290"]
[PlyCount "77"]
[EventDate "2004.??.??"]
[Source "www.chesslib.no"]
[SourceDate "2004.05.04"]

1. e4 c6 2. d4 d6 3. f4 d5 4. e5 h5 5. Be2 g6 6. Nf3 Bg4 7. c3 e6 8. Nbd2 Nh6 9. h3 Bf5 10. O-O c5 11. dxc5 Bxc5+ 12. Nd4 Nc6 13. N2b3 Bb6 14. Be3 Be4 15. Bb5 Nf5 16. Bf2 Rc8 17. Qe2 g5 18. Nd2 Nfxd4 19. cxd4 Bf5 20. fxg5 Qxg5 21. Nf3 Qg7 22. Kh2 Rg8 23. Bh4 Bd8 24. Qf2 Be4 25. Bxd8 Kxd8 26. Bxc6 Rxc6 27. Rac1 Kd7 28. Rxc6 bxc6 29. Nh4 Ke8 30. b4 a6 31. g3 Rf8 32. Qf4 Qh7 33. Qc1 Kd7 34. Qc5 Rc8 35. Rf2 Ke8 36. Qa7 Bd3 37. Qb7 Rd8 38. Qxc6+ Kf8 39. Qxe6 1-0

[Event "Asztalos Memorial"]
[Site "Baja"]
[Date "1971.??.??"]
[Round "4"]
[White "Polgar, Istvan"]
[Black "Ciocaltea, Viktor"]
[Result "1-0"]
[WhiteElo "2380"]
[BlackElo "2460"]
[PlyCount "123"]
[EventDate "1971.05.??"]
[Source "www.chesslib.no"]
[SourceDate "2004.05.04"]

1. e4 g6 2. d4 c6 3. c3 d5 4. Nd2 Bg7 5. Ngf3 Nh6 6. h3 f6 7. Bd3 O-O 8. c4 e6 9. O-O Nf7 10. Re1 a5 11. Rb1 Na6 12. a3 Nc7 13. b3 f5 14. cxd5 cxd5 15. exf5 exf5 16. b4 axb4 17. Rxb4 Nd6 18. Nf1 Ne4 19. Qb3 Kh8 20. Bf4 Ne6 21. Be5 Bxe5 22. Nxe5 Qh4 23. g3 Qxh3 24. Qxd5 Rxa3 25. Rc4 Nf6 26. Qd6 Ra6 27. Qb8 Nd7 28. Nxd7 Bxd7 29. Qxb7 Rd6 30. d5 Ng5 31. Re3 Qh6 32. f4 Ne4 33. Rc7 Nf6 34. Re7 Rxd5 35. Rcxd7 Rxd7 36. Rxd7 Nxd7 37. Qxd7 Qg7 38. Qd5 Qc3 39. Qd6 Rc8 40. Kh2 Qc7 41. Qe6 Kg7 42. Ne3 Rd8 43. Bxf5 Rd2+ 44. Kh3 gxf5 45. Nxf5+ Kf8 46. Qf6+ Qf7 47. Qh8+ Qg8 48. Qc3 Qe6 49. Qxd2 Qxf5+ 50. g4 Qe4 51. Qd6+ Kg8 52. Kh4 Qg6 53. Qxg6+ hxg6 54. Kg3 Kf7 55. Kf3 Ke7 56. Ke3 Kd7 57. Ke4 Ke6 58. g5 Kd6 59. f5 Ke7 60. f6+ Kf7 61. Ke5 Kf8 62. f7 1-0

[Event "Helsinki Chess Circuit-A 2nd"]
[Site "Helsinki"]
[Date "2002.02.28"]
[Round "4"]
[White "Slapikas, Vytautas"]
[Black "Karttunen, Mika"]
[Result "1/2-1/2"]
[WhiteElo "2410"]
[BlackElo "2429"]
[PlyCount "133"]
[EventDate "2002.02.25"]
[Source "ChessBase"]
[SourceDate "2002.03.14"]

1. e4 g6 2. d4 Bg7 3. Nf3 c6 4. c3 d5 5. Nbd2 Nh6 6. Bd3 O-O 7. O-O f6 8. Re1 Nf7 9. exd5 cxd5 10. c4 e6 11. b3 Nc6 12. Bb2 Qd6 13. a3 Bd7 14. b4 Rac8 15. Qb3 Ne7 16. a4 Rfe8 17. b5 Qb8 18. cxd5 Nxd5 19. Bc4 Nc7 20. Ne4 b6 21. Ba3 Qb7 22. Nc3 Bf8 23. Bxf8 Kxf8 24. Nd2 Kg7 25. Nde4 Rcd8 26. Qb4 Bc8 27. Rad1 Nd5 28. Bxd5 exd5 29. Nd2 Bg4 30. Ra1 Re6 31. Nf1 Red6 32. Re3 Rc8 33. Nd2 Qd7 34. h3 Bf5 35. a5 Re6 36. Rae1 Rxe3 37. Rxe3 Be6 38. axb6 axb6 39. Na4 Rc1+ 40. Kh2 Nd8 41. Rc3 Rxc3 42. Nxc3 Qc7+ 43. Kg1 Nf7 44. Nf1 f5 45. Ne3 Qd8 46. f4 g5 47. Ne2 h6 48. g4 Bd7 49. gxf5 gxf4 50. Nxf4 Qg5+ 51. Nfg2 Bxf5 52. h4 Qg6 53. Nxd5 Be4 54. Ndf4 Qg4 55. Kh2 Bxg2 56. Nxg2 Qe4 57. Qc3 Kf6 58. Qd2 Ke7 59. Qf4 Qxf4+ 60. Nxf4 Nd6 61. Nd5+ Ke6 62. Nxb6 Nxb5 63. d5+ Ke5 64. Kg3 h5 65. Nd7+ Kxd5 66. Nf6+ Ke6 67. Nxh5 1/2-1/2

[Event "Tula op"]
[Site "?"]
[Date "2000.??.??"]
[Round "2"]
[White "Deviatkin Andrei"]
[Black "Markosian David S"]
[Result "1-0"]
[WhiteElo "2410"]
[BlackElo "2428"]
[PlyCount "137"]
[EventDate "2000.??.??"]
[Source "www.chesslib.no"]
[SourceDate "2004.05.04"]

1. e4 c6 2. d4 d6 3. Nf3 g6 4. c3 Bg7 5. Bd3 Nf6 6. h3 O-O 7. O-O Qc7 8. Be3 Nbd7 9. Nbd2 e5 10. dxe5 dxe5 11. Qc2 Re8 12. b4 Nf8 13. a4 Nh5 14. Rfd1 Nf4 15. Bf1 h6 16. Nc4 Be6 17. a5 Nd7 18. Nd6 Red8 19. c4 b6 20. c5 bxc5 21. bxc5 Rab8 22. Ra3 Bf8 23. Bxf4 exf4 24. e5 Bg7 25. Qc3 Nf8 26. Bc4 Bxc4 27. Qxc4 Ne6 28. Rad3 Qe7 29. Re1 Qc7 30. a6 Qa5 31. Nb7 Qc7 32. Nxd8 Rxd8 33. Rd6 Re8 34. Rb1 Bf8 35. Rb7 Qa5 36. Rxc6 Bxc5 37. Rb1 Bb6 38. Qb5 Qxb5 39. Rxb5 Rd8 40. Rb1 Kg7 41. Kf1 Rd5 42. Ra1 Bc7 43. Ke2 Rb5 44. Rd1 Bb6 45. Rd7 Nc5 46. Rd5 Rb2+ 47. Rd2 Rb4 48. Ra2 Ne6 49. Kd2 Rb5 50. Kc3 g5 51. Kc4 Rb1 52. Nd2 Rc1+ 53. Kd5 Rxc6 54. Kxc6 Bxf2 55. Ne4 Be3 56. Nd6 Kg6 57. Rb2 Nc5 58. Rb8 Ne6 59. Rb7 h5 60. Kd5 g4 61. hxg4 hxg4 62. Rxf7 f3 63. gxf3 g3 64. Kxe6 g2 65. Nf5 Bg5 66. Rg7+ Kh5 67. f4 Bxf4 68. Rxg2 Bxe5 69. Ng7+ 1-0